00246nam a2200097Ia 4500001000800000005001700008008004100025020001800066245004400084260002000128126649820260417145111.0260417s9999 xx 000 0 und d a9789754052978 0aYurdumu ÖzledimcGülten Dayıoğlu bAltın Kitaplar